Rāmāyaṇa kathāpātraṅṅaḷ. (Record no. 76541)

MARC details
000 -LEADER
fixed length control field 00540cam a22002171 4500
001 - CONTROL NUMBER
control field sa 67007379
003 - CONTROL NUMBER IDENTIFIER
control field DLC
005 - DATE AND TIME OF LATEST TRANSACTION
control field 20260227112415.0
008 - FIXED-LENGTH DATA ELEMENTS--GENERAL INFORMATION
fixed length control field 911105s1966 ii i 000 0 malo
010 ## - LIBRARY OF CONGRESS CONTROL NUMBER
LC control number sa 67007379
035 ## - SYSTEM CONTROL NUMBER
System control number (OCoLC)24683628
040 ## - CATALOGING SOURCE
Original cataloging agency DLC
Transcribing agency WaU
Modifying agency DLC
042 ## - AUTHENTICATION CODE
Authentication code premarc
050 00 - LIBRARY OF CONGRESS CALL NUMBER
Classification number PK3659
Item number .V3
100 1# - MAIN ENTRY--PERSONAL NAME
Personal name Varmaji, R. S.
245 10 - TITLE STATEMENT
Title Rāmāyaṇa kathāpātraṅṅaḷ.
260 ## - PUBLICATION, DISTRIBUTION, ETC.
Date of publication, distribution, etc. [1966]
300 ## - PHYSICAL DESCRIPTION
Extent 126 p.
Dimensions 18 cm.
500 ## - GENERAL NOTE
General note In Malayalam.
600 00 - SUBJECT ADDED ENTRY--PERSONAL NAME
Personal name Vālmīki.
Title of a work Rāmāyaṇa
General subdivision Indexes.

No items available.

Powered by Koha